[Event "6Ã¨me LUC open"]
[Site "Lille"]
[Date "2015-05-08"]
[Round "6.52"]
[White "MARIE, Olivier"]
[Black "CHAIGNET, Lucas"]
[Result "0-1"]
[WhiteElo "1527"]
[BlackElo "1758"]

1. d4 Nf6 2. c4 g6 3. Nc3 d5 4. cxd5 Nxd5 5. e4 Nxc3 6. bxc3 Bg7 7. Bc4 c5 8.
Ne2 Nc6 9. O-O cxd4 10. cxd4 Nxd4 11. Nxd4 Qxd4 12. Qxd4 Bxd4 13. Bb5+ Kf8 14.
Bh6+ Bg7 15. Bxg7+ Kxg7 16. f4 e6 17. f5 exf5 18. exf5 Bxf5 19. Rf2 Be6 20. a4
Rhd8 21. Rb2 Rd6 22. Be2 b6 23. a5 Rad8 24. axb6 Rxb6 25. Rxb6 axb6 26. Rb1 Rb8
27. Kf2 Kf6 28. Ke3 Bd5 29. g3 Bc6 30. Bc4 b5 31. Rf1+ Ke5 32. Bxf7 Bd5 33.
Bxd5 Kxd5 34. Kd3 b4 35. Kc2 b3+ 36. Kb2 Rb7 37. Rf3 Ke4 38. Rc3 Kf5 39. h4 Kg4
40. Rd3 Rf7 41. Rxb3 Rf2+ 42. Kc1 Rf3 43. Rb7 h6 44. Rb6 Kh5 45. Rb5+ g5 46.
hxg5 hxg5 47. Kd2 Rxg3 48. Ke2 Kh4 49. Rb8 Kg4 50. Kf2 Ra3 51. Rb1 Ra2+ 52. Ke3
Kh3 53. Rg1 g4 54. Kf4 Rf2+ 55. Ke3 g3 56. Rc1 Kh2 57. Rd1 Rf8 58. Rd6 g2 59.
Rh6+ Kg1 60. Ke2 Re8+ 61. Kd3 Re5 62. Kd4 Rf5 63. Ke4 Rf8 64. Rb6 Rh8 65. Rb1+
Kh2 66. Rb2 Kh1 67. Rb1+ g1=Q 68. Rb4 Qe1+ 0-1

*

[Event "6Ã¨me LUC open"]
[Site "Lille"]
[Date "2015-05-08"]
[Round "6.54"]
[White "DE WEIRD, Evy"]
[Black "ROMMELAERE, Stephane"]
[Result "1/2-1/2"]
[WhiteElo "1730"]
[BlackElo "1539"]

1. c4 e5 2. g3 Nf6 3. Nc3 d5 4. cxd5 Nxd5 5. Bg2 Nxc3 6. bxc3 c6 7. d3 Be6 8.
Nf3 Nd7 9. Ng5 Bg4 10. h3 Bh5 11. a4 Be7 12. Nf3 O-O 13. O-O Qc7 14. Rb1 Bg6
15. Nd2 Nf6 16. Qc2 Rfd8 17. Rd1 Rab8 18. Nc4 b5 19. axb5 cxb5 20. Nxe5 Qxe5
21. Bf4 Qc5 22. Bxb8 Rxb8 23. Rdc1 Nh5 24. Kf1 a5 25. c4 b4 26. Qa4 Bd6 27. Rc2
Be5 28. Ra2 Bc7 29. Qc6 Qxc6 30. Bxc6 Be5 31. Rxa5 Bc3 32. Rb5 1/2-1/2

*

[Event "6Ã¨me LUC open"]
[Site "Lille"]
[Date "2015-05-08"]
[Round "6.55"]
[White "RYS, Ludovic"]
[Black "NOLLET, Fabrice"]
[Result "0-1"]
[WhiteElo "1493"]
[BlackElo "1694"]

1. Nf3 Nf6 2. g3 d5 3. Bg2 e6 4. O-O Be7 5. d3 O-O 6. Bf4 c5 7. Re1 Nc6 8. c3
Nh5 9. Bc1 e5 10. Nbd2 Nf6 11. e4 d4 12. Nc4 Qc7 13. a4 b6 14. Nh4 g6 15. Bh6
Re8 16. h3 Bf8 17. Bg5 Nh5 18. Qd2 f6 19. Bh6 Ng7 20. f4 Rb8 21. Nf3 Nh5 22.
Bxf8 Rxf8 23. g4 Nxf4 24. Nh2 Be6 25. Na3 a6 26. c4 Nb4 27. Bf1 Qg7 28. Nc2 Qh6
29. Kh1 Nxc2 30. Qxc2 Nxh3 31. Bxh3 Qxh3 32. Qg2 Qxg2+ 33. Kxg2 Rf7 34. Kg3 Kf8
35. Nf3 Ke7 36. Rh1 Kd6 37. a5 b5 38. b3 bxc4 39. bxc4 Rb3 40. Rhd1 Rfb7 41.
Ne1 Bxc4 42. Kh4 Bb5 43. Rab1 Bd7 44. Rxb3 Rxb3 45. Nc2 Bb5 46. Ne1 Ra3 47. g5
Ke6 48. gxf6 Kxf6 49. Rd2 c4 50. Rf2+ Ke6 51. dxc4 Bxc4 52. Rc2 Bb5 53. Rc7 Re3
54. Nc2 Rxe4+ 55. Kg5 d3 56. Na3 d2 57. Nxb5 axb5 58. Rc6+ Kd7 59. Ra6 d1=Q 60.
Ra7+ Ke6 61. Rxh7 Qg1+ 62. Kh6 Rh4+ 63. Kg7 Qa7+ 0-1

*

[Event "6Ã¨me LUC open"]
[Site "Lille"]
[Date "2015-05-08"]
[Round "6.56"]
[White "SZURHAJ, William"]
[Black "GEAY, Philippe"]
[Result "1-0"]
[WhiteElo "1693"]
[BlackElo "1482"]

1. e4 c5 2. Nc3 g6 3. f4 Bg7 4. Nf3 e6 5. Bc4 Nc6 6. f5 Ne5 7. Bb3 Nxf3+ 8.
Qxf3 exf5 9. O-O d6 10. exf5 Be5 11. d3 Bxf5 12. Qxb7 Nf6 13. Qxf7# 1-0

*

[Event "6Ã¨me LUC open"]
[Site "Lille"]
[Date "2015-05-08"]
[Round "6.57"]
[White "HUYSMAN, Robert"]
[Black "BRELOT, Loic"]
[Result "1-0"]
[WhiteElo "1461"]
[BlackElo "1679"]

1. e4 e6 2. d4 d5 3. exd5 exd5 4. Bd3 Bd6 5. Qe2+ Ne7 6. Nf3 Bg4 7. Bg5 Nbc6 8.
c3 Qd7 9. Nbd2 O-O-O 10. O-O-O h6 11. Be3 Kb8 12. Rhe1 Nf5 13. h3 Nxe3 14. fxe3
Be6 15. Qf2 f5 16. g3 g5 17. h4 Rdg8 18. Nf1 f4 19. Bb5 fxg3 20. Nxg3 gxh4 21.
Nf1 h3 22. Ne5 Bxe5 23. dxe5 Rg2 24. Qf6 Qe8 25. Rd2 Rf8 26. Qxh6 Rff2 27. Qh4
a6 28. Bxc6 Qxc6 1-0

*

[Event "6Ã¨me LUC open"]
[Site "Lille"]
[Date "2015-05-08"]
[Round "6.58"]
[White "GONZALEZ, Arnaud"]
[Black "RICOU, Guillaume"]
[Result "1/2-1/2"]
[WhiteElo "1667"]
[BlackElo "1460"]

1. c4 e5 2. Nc3 Nf6 3. Nf3 Nc6 4. g3 d5 5. cxd5 Nxd5 6. Bg2 Nb6 7. O-O Be7 8.
d3 O-O 9. Be3 Be6 10. Ne4 h6 11. Bc5 Nd7 12. Qc1 f5 13. Bxe7 Qxe7 14. Nc3 Nc5
15. Nh4 Qe8 16. Nd5 Bxd5 17. Bxd5+ Ne6 18. Qc4 Ncd4 19. e3 c6 20. exd4 cxd5 21.
Qxd5 Rd8 22. Qxe5 Nxd4 1/2-1/2

*

[Event "6Ã¨me LUC open"]
[Site "Lille"]
[Date "2015-05-08"]
[Round "6.59"]
[White "CHACHIACHVILI, Salome"]
[Black "BELE, Charles"]
[Result "0-1"]
[WhiteElo "1192"]
[BlackElo "1666"]

1. e4 e6 2. d3 d5 3. Nc3 Nf6 4. f3 Bb4 5. Bd2 d4 6. Nce2 Bxd2+ 7. Qxd2 c5 8.
Ng3 Nc6 9. c3 O-O 10. N1e2 e5 11. cxd4 cxd4 12. f4 Ng4 13. fxe5 Ncxe5 14. Nf4
Ne3 15. Be2 Be6 16. Nf1 N5g4 17. h3 Nxf1 18. Nxe6 Qh4+ 19. Kd1 Nge3+ 20. Kc1
Rac8+ 21. Qc3 Qe1+ 22. Bd1 Qxd1# 0-1

*

[Event "6Ã¨me LUC open"]
[Site "Lille"]
[Date "2015-05-08"]
[Round "6.61"]
[White "COUSTENOBLE, Hugo"]
[Black "GUERIN, Bernard"]
[Result "0-1"]
[WhiteElo "1471"]
[BlackElo "1730"]

1. e4 e5 2. Nf3 Nc6 3. Bb5 Nge7 4. c3 g6 5. d4 exd4 6. cxd4 Bg7 7. O-O O-O 8.
Nc3 d5 9. e5 Bg4 10. h3 Bxf3 11. Qxf3 Nxd4 12. Qf4 Nxb5 13. Nxb5 a6 14. Nd4 c5
15. Nf3 Nc6 16. b3 Qc7 17. Bb2 d4 18. Rfe1 Rfe8 19. Rac1 Nxe5 20. Nxe5 Bxe5 21.
Qg5 Bf4 22. Qd5 Bxc1 23. Rxc1 Rac8 24. Bxd4 Red8 25. Qxc5 Qd7 0-1

*

[Event "6Ã¨me LUC open"]
[Site "Lille"]
[Date "2015-05-08"]
[Round "6.62"]
[White "CHATTON, Jean-Bernard"]
[Black "DESCATOIRE, Raymond"]
[Result "1-0"]
[WhiteElo "1721"]
[BlackElo "1012"]

1. e4 c5 2. Nf3 Nc6 3. d4 cxd4 4. Nxd4 e5 5. Nb5 Nf6 6. Bg5 Be7 7. Bxf6 a6 8.
Nd6+ Kf8 9. Bxe7+ Qxe7 10. Nc3 Nd4 11. Nxc8 Rxc8 12. Nd5 Qe6 13. Bd3 b5 14. O-O
g6 15. c3 Nc6 16. f4 exf4 17. Rxf4 Ne5 18. Rf6 Qe8 19. Qe2 Kg7 20. Raf1 Rf8 21.
Rxa6 Nc6 22. Bxb5 Qe5 23. Nf6 h6 24. Nxd7 Qe7 25. Nxf8 Qc5+ 26. Qf2 1-0

*

[Event "6Ã¨me LUC open"]
[Site "Lille"]
[Date "2015-05-08"]
[Round "6.65"]
[White "VAN FOREEST, Machteld"]
[Black "FLOU, Ronald"]
[Result "0-1"]
[WhiteElo "1420"]
[BlackElo "1603"]

1. e4 g6 2. d4 Bg7 3. Nc3 d6 4. Be3 a6 5. f3 b5 6. a3 Bb7 7. Qd2 Nd7 8. Nge2
Rc8 9. Ng3 c5 10. Be2 e6 11. O-O Ne7 12. Bf2 O-O 13. Rfe1 Qc7 14. Rac1 Nb6 15.
Bf1 Nc6 16. dxc5 dxc5 17. Bxc5 Ne5 18. Bxf8 Bxf8 19. Qf2 Bc5 20. Re3 Nec4 21.
Nd1 Nxe3 22. Nxe3 f5 23. exf5 exf5 24. f4 Nd5 25. Re1 Nxe3 26. Rxe3 Qb6 0-1

*

[Event "6Ã¨me LUC open"]
[Site "Lille"]
[Date "2015-05-08"]
[Round "6.70"]
[White "LARTIGOT, Gerard"]
[Black "MANDUCHER, Matthieu"]
[Result "0-1"]
[WhiteElo "1150"]
[BlackElo "1457"]

1. e4 e5 2. Nf3 Nc6 3. Bc4 Bc5 4. c3 Nf6 5. d4 exd4 6. cxd4 Bb4+ 7. Bd2 Nxe4 8.
Bxb4 Nxb4 9. Nc3 d5 10. Be2 Bf5 11. a3 Nxc3 12. bxc3 Nc2+ 13. Kf1 Nxa1 14. Qxa1
O-O 15. Ne1 Re8 16. Bd3 Bxd3+ 17. Nxd3 b6 18. f3 Qg5 19. Qd1 a5 20. a4 Qf5 21.
Kf2 Re7 22. Re1 Rae8 23. Rxe7 Rxe7 24. Qd2 Qd7 25. Qc2 Qd6 26. g3 Qc5 27. Qd1
Qa3 28. Qc2 Re8 29. Nc1 Qa1 30. Kf1 Re3 31. Kf2 Rxc3 32. Qe2 Qxc1 33. Kg2 Rc2
0-1

*

[Event "6Ã¨me LUC open"]
[Site "Lille"]
[Date "2015-05-08"]
[Round "6.73"]
[White "LECAT, Philippe"]
[Black "KOPEREC, Mathis"]
[Result "0-1"]
[WhiteElo "1399"]
[BlackElo "1009"]

1. d4 d5 2. Nf3 Nf6 3. Nc3 Bg4 4. e3 Bxf3 5. Qxf3 e6 6. Bb5+ c6 7. Ba4 Nbd7 8.
O-O Bd6 9. g3 Nb6 10. Bb3 Qc7 11. e4 e5 12. dxe5 Bxe5 13. exd5 cxd5 14. Nxd5
Qc5 15. Nxb6 Qxb6 16. Be3 Bd4 17. c3 Bxe3 18. Qxe3+ Qxe3 19. fxe3 O-O 20. Rf5
Rfe8 21. Re1 Re7 22. a4 Rae8 23. Kf2 Ng4+ 24. Kg1 Nxe3 25. Kf2 Nxf5 26. Rxe7
Rxe7 27. h4 Nd6 28. Kf3 g6 29. a5 Ne4 30. Bd5 Nd2+ 31. Kg4 Re5 32. b4 Rxd5 33.
Kf4 Rd3 34. g4 Rxc3 35. b5 Rc4+ 36. Kg5 Kg7 37. h5 Nf3# 0-1

*

[Event "6Ã¨me LUC open"]
[Site "Lille"]
[Date "2015-05-07"]
[Round "5.3"]
[White "SAGAR, Shah"]
[Black "BAILET, Pierre"]
[Result "1/2-1/2"]
[WhiteElo "2436"]
[BlackElo "2519"]

1. d4 d5 2. c4 c6 3. Nf3 Nf6 4. Nc3 dxc4 5. a4 Bf5 6. e3 e6 7. Bxc4 Bb4 8. O-O
Nbd7 9. Qe2 Bg6 10. e4 O-O 11. Bd3 Bh5 12. e5 Nd5 13. Nxd5 cxd5 14. Qe3 Re8 15.
Ng5 Bg6 16. Bxg6 fxg6 17. a5 Rc8 18. a6 b5 19. Bd2 Bxd2 20. Qxd2 h6 21. Nf3 Qb6
22. h4 Rf8 23. b3 Rf5 24. Qa5 Rc6 25. Qb4 Nb8 26. Ra5 Nxa6 27. Qxb5 Nc7 28.
Qxb6 axb6 29. Raa1 1/2-1/2

*

[Event "6Ã¨me LUC open"]
[Site "Lille"]
[Date "2015-05-07"]
[Round "5.4"]
[White "VAN FOREEST, Jorden"]
[Black "LOISEAU, Quentin"]
[Result "0-1"]
[WhiteElo "2519"]
[BlackElo "2415"]

1. c4 e6 2. d4 d5 3. Nc3 Nf6 4. Nf3 dxc4 5. e3 a6 6. a4 c5 7. Bxc4 Nc6 8. O-O
Be7 9. Qe2 cxd4 10. exd4 Nxd4 11. Nxd4 Qxd4 12. Rd1 Qg4 13. f3 Qh5 14. b4 O-O
15. g4 Qh4 16. Rb1 a5 17. b5 e5 18. Bd3 Nxg4 19. fxg4 Bxg4 20. Qe4 Bxd1 21.
Nxd1 Rad8 22. Nf2 Rd4 23. Qxb7 Bc5 24. Be3 Rg4+ 25. Nxg4 Qxg4+ 26. Kh1 Bxe3 27.
Qd5 Bb6 28. Bc4 Qd4 29. Qc6 Kh8 30. Bxf7 Qxa4 31. Bc4 Qc2 32. Re1 Qd2 33. Qe4
Qd4 34. Qc6 g6 35. Bd5 Qf2 36. Qc3 Bd4 37. Qxa5 Rf4 38. Rc1 Kg7 39. Bg2 Rg4 0-1

*

[Event "6Ã¨me LUC open"]
[Site "Lille"]
[Date "2015-05-07"]
[Round "5.11"]
[White "MOKAL, Amruta Sunil"]
[Black "SHIRAZI, Kamran"]
[Result "0-1"]
[WhiteElo "2130"]
[BlackElo "2385"]

1. e4 d6 2. d4 Nd7 3. Nc3 e5 4. Nf3 Ngf6 5. Bc4 Be7 6. O-O O-O 7. h3 c6 8. a4
h6 9. Qe2 exd4 10. Nxd4 Re8 11. Ba2 Bf8 12. Be3 Nxe4 13. Nxe4 Rxe4 14. c4 Qf6
15. Rad1 a5 16. Bb1 Re8 17. Qc2 g6 18. Ne2 Ne5 19. Ng3 Qh4 20. Rd4 Qe7 21. Rfd1
Be6 22. b3 d5 23. cxd5 Bxd5 24. Rxd5 cxd5 25. Rxd5 Rad8 26. Rxd8 Qxd8 27. Ne4
Nc6 28. Qc1 Nd4 29. Qb2 Bg7 30. Kh1 Nf5 31. Qc1 Nxe3 32. fxe3 Qd5 33. Qc2 Be5
34. Nf2 h5 35. Nd3 Bg3 36. Nf4 Rxe3 37. Qc8+ Kg7 0-1

*

[Event "6Ã¨me LUC open"]
[Site "Lille"]
[Date "2015-05-07"]
[Round "5.12"]
[White "MARTYNOV, Pavel"]
[Black "DUMAS, Victor"]
[Result "1-0"]
[WhiteElo "2440"]
[BlackElo "2066"]

1. b3 d5 2. Bb2 Nf6 3. e3 c5 4. f4 a6 5. Nf3 Nc6 6. Be2 e6 7. O-O Bd6 8. Re1
O-O 9. d3 Qe7 10. Ne5 Nd7 11. Nxc6 bxc6 12. e4 e5 13. f5 c4 14. bxc4 dxe4 15.
dxe4 Rb8 16. Bc1 Nf6 17. Bf3 Qa7+ 18. Kh1 Qd4 19. Nc3 a5 {partie illisible} 1-0

*

[Event "6Ã¨me LUC open"]
[Site "Lille"]
[Date "2015-05-07"]
[Round "5.14"]
[White "VALLES, Manuel"]
[Black "Noordhoek, Henk"]
[Result "1-0"]
[WhiteElo "2354"]
[BlackElo "2026"]

1. d4 Nf6 2. c4 g6 3. Nc3 d5 4. Nf3 Bg7 5. Bg5 Ne4 6. Bh4 Nxc3 7. bxc3 dxc4 8.
Qa4+ Qd7 9. Qxc4 b6 10. e3 Ba6 11. Qb3 Bxf1 12. Kxf1 O-O 13. Ke2 Nc6 14. Rhd1
Na5 15. Qb4 e6 16. Rac1 Rfc8 17. c4 Bf8 18. Qb5 c6 19. Qg5 b5 20. Ne5 Qb7 21.
c5 Nc4 22. Nxc4 bxc4 23. Rc2 Re8 24. Bg3 Bg7 25. Kf3 f6 26. Qf4 g5 27. Qc7 Qb5
28. Rdd2 Qa4 29. h4 Rac8 30. Qb7 h6 31. hxg5 hxg5 32. Bd6 a6 33. Rc1 Qb5 34.
Rb2 Qa5 35. Kg4 f5+ 36. Kxg5 Qd8+ 37. Kh5 Qf6 38. Bf4 Kh7 39. Bg5 Qg6+ 40. Kh4
Rh8 41. f4 Rcf8 42. Kg3 Rf7 43. Rh1+ Kg8 44. Rxh8+ Bxh8 45. Qxc6 c3 46. Rc2 Qh5
47. Rxc3 Qd1 48. Qe8+ Kg7 49. Rb3 1-0

*

[Event "6Ã¨me LUC open"]
[Site "Lille"]
[Date "2015-05-07"]
[Round "5.15"]
[White "MIDOUX, Sebastien"]
[Black "REAL, Thibault"]
[Result "1-0"]
[WhiteElo "2315"]
[BlackElo "2026"]

1. e4 c5 2. Nf3 d6 3. Bb5+ Bd7 4. c4 Nf6 5. Nc3 g6 6. O-O Bg7 7. d4 cxd4 8.
Nxd4 O-O 9. h3 Nc6 10. Be3 Rc8 11. Rc1 a6 12. Bxc6 bxc6 13. c5 d5 14. e5 Ne8
15. f4 Nc7 16. Na4 f6 17. exf6 Bxf6 18. Nb6 Rb8 19. Qd2 Nb5 20. Nf3 Qc7 21. a4
Na7 22. Bd4 Rbe8 23. Be5 Qb7 24. g4 Nc8 25. a5 Na7 26. Rce1 Nb5 27. Re2 Bc8 28.
Rfe1 e6 29. Bxf6 Rxf6 30. Ne5 Qe7 31. b4 Qc7 32. g5 Rf5 33. Ng4 Re7 34. Nh6+
Kg7 35. Nxf5+ gxf5 36. Re5 Qd8 37. Nxc8 Qxc8 38. Rxf5 e5 39. Rfxe5 Rxe5 40.
Rxe5 Qxh3 41. Qh2 Qg4+ 42. Kf2 Nd4 43. Qh6+ 1-0

*

[Event "6Ã¨me LUC open"]
[Site "Lille"]
[Date "2015-05-07"]
[Round "5.18"]
[White "VAN VLIET, Dennis"]
[Black "BURMAKIN, Vladimir"]
[Result "0-1"]
[WhiteElo "2109"]
[BlackElo "2585"]

1. d4 d5 2. c4 e6 3. Nc3 Be7 4. cxd5 exd5 5. Qc2 c6 6. Bf4 g6 7. f3 Be6 8. e3
Bg5 9. Nge2 Nd7 10. g3 Bxf4 11. Nxf4 Qe7 12. Kf2 f5 13. h4 Nh6 14. Bd3 O-O 15.
b4 a6 16. a4 Bf7 17. b5 Rfe8 18. Qd2 axb5 19. axb5 Qd6 20. Nh3 c5 21. h5 Rxa1
22. Rxa1 Nf6 23. hxg6 hxg6 24. Be2 c4 25. Ng5 Kg7 26. Rh1 Nhg8 27. f4 Qe7 28.
Bf3 Nh6 29. Ke2 Bg8 30. Nd1 Qa3 31. Re1 Ra8 32. Nc3 Qb4 33. Rb1 Qe7 34. b6 Ra3
35. Bg2 Nhg4 36. Nd1 Nh5 37. Kf3 Rd3 38. Qe1 Rxd4 39. Bh3 Rd3 40. Bxg4 fxg4+
41. Kxg4 d4 42. Kh4 c3 43. Rc1 Nf6 44. e4 Nh7 45. Nf2 Nxg5 46. fxg5 Re3 47. Qd1
Qe5 48. Qg4 Be6 49. Qf4 Qxf4+ 50. gxf4 Rf3 0-1

*

[Event "6Ã¨me LUC open"]
[Site "Lille"]
[Date "2015-05-07"]
[Round "5.19"]
[White "STRIKOVIC, Aleksa"]
[Black "COULON, Guillaume"]
[Result "1/2-1/2"]
[WhiteElo "2526"]
[BlackElo "2020"]

1. c4 e5 2. Nc3 Nf6 3. g3 Nc6 4. Bg2 Bb4 5. Nf3 O-O 6. O-O Re8 7. Nd5 a5 8. d3
h6 9. Nxb4 axb4 10. e4 d6 11. h3 Na5 12. a3 Nc6 13. Be3 bxa3 14. Qb3 Be6 15.
Rxa3 Rxa3 16. Qxa3 Qa8 17. Qc3 Qa4 18. Bd2 Ra8 19. Re1 Nd7 20. Bf1 Nc5 21. Be3
b6 22. Nd2 Nb4 23. b3 Qa3 24. d4 Na2 25. Qc2 Nb4 26. Qb1 exd4 27. Bxd4 Qa2 28.
Bc3 Qxb1 29. Rxb1 Ncd3 30. Nf3 f5 31. e5 dxe5 32. Nxe5 Nxe5 33. Bxe5 Ra7 34.
Re1 Kf7 35. Bxg7 Bxc4 36. Bxc4+ Kxg7 37. Re7+ Kf6 38. Re6+ Kg7 39. Kg2 c6 40.
h4 b5 41. Be2 Ra3 42. Bd1 Ra1 43. Bf3 Rc1 44. h5 c5 45. Rg6+ Kh7 46. Rf6 c4 47.
bxc4 bxc4 48. Rxf5 c3 49. Rc5 Kg7 50. Be4 Re1 51. Bg6 c2 52. Bxc2 Rc1 53. Rc7+
Kf6 54. Rh7 Rxc2 55. Rxh6+ Kg5 56. Rh8 Nd3 57. h6 Rxf2+ 58. Kg1 Rf3 59. h7 Kh6
60. Kg2 Rf7 61. g4 Nf4+ 62. Kg3 Ng6 63. Rb8 Kxh7 64. Rb5 Kg7 65. Rf5 Rxf5 66.
gxf5 Kf6 67. fxg6 Kxg6 1/2-1/2

*

[Event "6Ã¨me LUC open"]
[Site "Lille"]
[Date "2015-05-07"]
[Round "5.20"]
[White "NAUMKIN, Igor"]
[Black "SILVERT, Alexandre"]
[Result "1-0"]
[WhiteElo "2445"]
[BlackElo "1997"]

1. d4 e6 2. c4 d5 3. Nf3 Nf6 4. Nc3 Be7 5. Bg5 Nbd7 6. e3 O-O 7. Bd3 dxc4 8.
Bxc4 a6 9. a4 c5 10. O-O cxd4 11. exd4 Nb6 12. Bb3 Nbd5 13. Ne5 Nxc3 14. bxc3
Nd7 15. Bxe7 Qxe7 16. f4 Rd8 17. Qf3 Nxe5 18. fxe5 Bd7 19. Rf2 Bc6 20. Qg4 b5
21. Raf1 Be8 22. Qh3 h6 23. Bc2 Qg5 24. Qxe6 Rac8 25. Rxf7 Bxf7 26. Qxf7+ Kh8
27. e6 Qe3+ 28. Kh1 1-0

*

[Event "6Ã¨me LUC open"]
[Site "Lille"]
[Date "2015-05-07"]
[Round "5.21"]
[White "DOURERASSOU, Jonathan"]
[Black "DROGOU, Gerard"]
[Result "1-0"]
[WhiteElo "2414"]
[BlackElo "1980"]

1. e4 Nf6 2. e5 Nd5 3. d4 d6 4. c4 Nb6 5. exd6 exd6 6. Nc3 Nc6 7. Bd3 Be7 8.
Be3 O-O 9. Nge2 Nb4 10. b3 Nxd3+ 11. Qxd3 Bf6 12. O-O Re8 13. Ng3 c6 14. Rfe1
d5 15. c5 Nd7 16. Re2 b6 17. Nh5 bxc5 18. Nxf6+ Nxf6 19. dxc5 Qa5 20. Qd2 Ba6
21. Nxd5 Qd8 22. Nxf6+ Qxf6 23. Ree1 Rad8 24. Bd4 Be2 25. Qxe2 Rxe2 26. Bxf6
Rxe1+ 27. Rxe1 gxf6 28. g3 Rd2 29. a4 Rb2 30. Re8+ Kg7 31. Rb8 f5 32. Kg2 Kf6
33. Rb7 Ke6 34. b4 a5 35. b5 cxb5 36. axb5 a4 37. c6 a3 38. c7 Kd7 39. b6 a2
40. Rb8 Rc2 41. Rd8+ Ke7 42. Rd1 1-0

*

[Event "6Ã¨me LUC open"]
[Site "Lille"]
[Date "2015-05-07"]
[Round "5.22"]
[White "VAN DER LENDE, Ilias"]
[Black "DUPONT, Arthur"]
[Result "1-0"]
[WhiteElo "2333"]
[BlackElo "1908"]

1. e4 g6 2. d4 Bg7 3. Nc3 d6 4. Be3 c6 5. Qd2 b5 6. Bd3 Nd7 7. Nf3 Nb6 8. h3
Qc7 9. O-O Nf6 10. Bh6 O-O 11. e5 Nfd5 12. Nxd5 Nxd5 13. Rfe1 a5 14. Re4 dxe5
15. Bxg7 Kxg7 16. Rh4 h5 17. Rxh5 Nf4 18. Rh4 f6 19. Re1 g5 20. Rh7+ Kg8 21.
dxe5 Nxd3 22. Qxd3 f5 23. Nxg5 Rd8 24. Qg3 1-0

*

[Event "6Ã¨me LUC open"]
[Site "Lille"]
[Date "2015-05-07"]
[Round "5.24"]
[White "DIAZ, Franck"]
[Black "ROGER, Mehdi"]
[Result "1/2-1/2"]
[WhiteElo "2111"]
[BlackElo "2176"]

1. e4 e6 2. d4 d5 3. Nc3 Bb4 4. e5 Ne7 5. a3 Bxc3+ 6. bxc3 c5 7. Qg4 Qc7 8.
Qxg7 Rg8 9. Qxh7 cxd4 10. Kd1 Nbc6 11. Nf3 dxc3 12. Ng5 Nxe5 13. f4 f6 14. Bb5+
Bd7 15. Nxe6 Qb6 16. Qh5+ Nf7 17. Bxd7+ Kxd7 18. Re1 1/2-1/2

*

[Event "6Ã¨me LUC open"]
[Site "Lille"]
[Date "2015-05-07"]
[Round "5.25"]
[White "WEILL, Roland"]
[Black "BILLOT, Daniel"]
[Result "1-0"]
[WhiteElo "2151"]
[BlackElo "1745"]

1. e4 d5 2. exd5 Qxd5 3. Nc3 Qd6 4. Bc4 Nf6 5. d3 a6 6. Nge2 b5 7. Bb3 Bb7 8.
f3 Nbd7 9. Be3 g6 10. Ne4 Nxe4 11. dxe4 Bg7 12. Qxd6 exd6 13. O-O-O O-O 14. Nf4
Bh6 15. h4 Nc5 16. h5 Ne6 17. Nd5 Bxe3+ 18. Nxe3 Nf4 19. hxg6 hxg6 20. Rh4 Ne2+
21. Kb1 Ng3 22. Rg4 1-0

*

[Event "6Ã¨me LUC open"]
[Site "Lille"]
[Date "2015-05-07"]
[Round "5.26"]
[White "GUERIN, Bernard"]
[Black "BIANCHI, Guillaume"]
[Result "0-1"]
[WhiteElo "1730"]
[BlackElo "2150"]

1. e4 c5 2. Nc3 a6 3. g3 b5 4. Bg2 Bb7 5. d3 e6 6. Nf3 d6 7. O-O Be7 8. a4 b4
9. Ne2 Nf6 10. b3 Nc6 11. Bb2 e5 12. Ng5 O-O 13. f4 Ng4 14. Qd2 Rb8 15. Nf3 Qc7
16. h3 Nf6 17. g4 Nd4 18. fxe5 dxe5 19. Ng3 Nd7 20. Rab1 Rbc8 21. Qf2 Bf6 22.
Bc1 a5 23. g5 Bd8 24. Nxd4 cxd4 25. Rb2 Nc5 26. Nh5 Qd6 27. Qg3 Qg6 28. Qg4 Be7
29. Bd2 Rc7 30. Rf5 f6 31. gxf6 gxf6 32. Rf2 Kh8 33. Qxg6 hxg6 34. Ng3 Rfc8 35.
Bf3 Kg7 36. Bg4 Rh8 0-1

*

[Event "6Ã¨me LUC open"]
[Site "Lille"]
[Date "2015-05-07"]
[Round "5.27"]
[White "FAURE, StÃ©phane"]
[Black "JENNY, Gerald"]
[Result "1-0"]
[WhiteElo "2063"]
[BlackElo "1882"]

1. e4 c5 2. Nf3 e6 3. g3 d5 4. exd5 exd5 5. Bg2 Nf6 6. O-O Be7 7. d4 cxd4 8.
Nxd4 Bg4 9. Qd3 Qd7 10. Re1 O-O 11. Bg5 Nc6 12. Nd2 Rac8 13. Nxc6 bxc6 14. Nf3
Bf5 15. Rxe7 Bxd3 16. Rxd7 Nxd7 17. cxd3 Rce8 18. Be3 c5 19. Bh3 f5 20. d4 c4
21. Rc1 Rc8 22. Nh4 g6 23. Ng2 Nb6 24. g4 Na4 25. Rc2 Rb8 26. Bc1 Rb5 27. gxf5
gxf5 28. Nf4 Rf7 29. Kf1 Kg7 30. Bg2 Rd7 31. Bf3 Kf6 32. Re2 Rd6 33. Bh5 Nxb2
34. Be8 Rb8 35. Nh5# 1-0

*

[Event "6Ã¨me LUC open"]
[Site "Lille"]
[Date "2015-05-07"]
[Round "5.29"]
[White "MAJHI, Ankit"]
[Black "VAN FOREEST, Pieter"]
[Result "1-0"]
[WhiteElo "2178"]
[BlackElo "1825"]

1. e4 e5 2. Nf3 Nc6 3. Bb5 a6 4. Ba4 Nf6 5. O-O Nxe4 6. d4 d5 7. Nxe5 Bd7 8.
Nxd7 Qxd7 9. f3 Nf6 10. Re1+ Be7 11. c3 O-O 12. Qd3 Rfe8 13. Bc2 Bf8 14. Rxe8
Qxe8 15. Be3 g6 16. Nd2 Qd7 17. Bg5 Bg7 18. Re1 Re8 19. Rxe8+ Qxe8 20. Qe3
Qxe3+ 21. Bxe3 Kf8 22. Bf4 Ne8 23. Be3 Nf6 24. Nb3 Nd8 25. Nc5 a5 26. Kf2 b6
27. Nd3 Ke7 28. h4 h5 29. Bb3 Ne6 30. Nf4 Nxf4 31. Bxf4 c6 32. Bc7 Nd7 33. g3
Ke6 34. Ke3 Bh6+ 35. f4 Bf8 36. Bc2 Bd6 37. f5+ gxf5 38. Bxd6 Kxd6 39. Kf4 Nf6
40. Bxf5 c5 41. g4 hxg4 42. Bxg4 Nxg4 43. Kxg4 c4 44. a4 Ke6 45. Kg5 f6+ 46.
Kg6 f5 47. Kg5 1-0

*

[Event "6Ã¨me LUC open"]
[Site "Lille"]
[Date "2015-05-07"]
[Round "5.30"]
[White "SOBRY, Sebastien"]
[Black "VANDECASTEELE, Louis"]
[Result "1/2-1/2"]
[WhiteElo "2033"]
[BlackElo "1831"]

1. e4 c5 2. Nf3 d6 3. d4 cxd4 4. Nxd4 Nf6 5. Nc3 a6 6. Bc4 e5 7. Nde2 b5 8. Bd5
Nxd5 9. Nxd5 Bb7 10. Be3 Nd7 11. Qd2 Rc8 12. c3 Bxd5 13. Qxd5 Qc7 14. Ng3 g6
15. O-O Nb6 16. Qd3 Qc4 17. Qd2 Qc7 18. b3 Bg7 19. Rad1 Rd8 20. f4 O-O 21. f5
f6 22. Qf2 Nc8 23. Rd3 Rf7 24. Rfd1 Rfd7 25. Bc1 Qc6 26. Qf3 Kf7 27. h4 Ne7 28.
fxg6+ hxg6 29. h5 Rh8 30. hxg6+ Nxg6 31. Nf5 Bf8 32. Bg5 Qc5+ 33. Ne3 Be7 34.
Rf1 Ke8 35. Bxf6 Nf4 36. Bxh8 Nxd3 37. Kh2 Nf4 38. g3 Bg5 39. gxf4 Bxf4+ 40.
Kg2 Qxe3 41. Qxe3 Bxe3 42. Rf3 Bf4 43. Rh3 Rf7 44. Kf3 Kd7 45. Ke2 Kc6 46. Rh5
Bg3 47. Rg5 Bf4 48. Rg7 Rf8 49. Rh7 Bg3 50. Rh3 Bf4 51. Bg7 Rf7 52. Bh8 Bc1 53.
Rg3 Rh7 54. Bg7 Rh2+ 55. Kd1 Ba3 56. Rg6 Kc7 57. Bf8 Rf2 58. Be7 Rf7 59. Bf6
Bc5 60. Rg7 Rxg7 61. Bxg7 Kd7 62. Kd2 Ke6 63. Kd3 d5 64. exd5+ Kxd5 65. c4+
bxc4+ 66. bxc4+ Ke6 67. Ke4 Bd4 68. Bf8 Bc3 69. Bc5 Ba5 70. Ba3 Bd8 71. Bb4 Bf6
72. Bc3 Kd6 73. Bb4+ Ke6 74. Kd3 Bd8 75. Kc3 e4 76. Kd4 Kf5 77. Bd2 Bc7 78. c5
Bg3 79. Kd5 Bf4 80. Be1 Be5 81. Kc6 e3 82. Kb7 Ke4 83. Kxa6 Kd3 84. c6 Kc2 85.
a4 Kd1 86. Bb4 e2 87. Kb6 Kc2 88. Ba5 Kb3 89. Kb5 Bc3 90. Bxc3 Kxc3 91. c7 e1=Q
92. c8=Q+ Kb3 93. Qc4+ Ka3 94. Qd3+ Ka2 95. Qc4+ Ka3 96. a5 Qe8+ 97. Qc6 Qe2+
98. Kb6 Qb2+ 99. Ka6 Qe2+ 100. Qb5 Qe6+ 101. Qb6 Qc4+ 102. Kb7 Qd5+ 103. Qc6
Qxa5 1/2-1/2

*

[Event "6Ã¨me LUC open"]
[Site "Lille"]
[Date "2015-05-07"]
[Round "5.31"]
[White "FARRINGTON, Edward J"]
[Black "POURRAHNAMA, Amir"]
[Result "0-1"]
[WhiteElo "2024"]
[BlackElo "1815"]

1. e4 d6 2. Nc3 e5 3. f4 exf4 4. Nf3 Be7 5. Bc4 Bh4+ 6. g3 fxg3 7. O-O gxh2+ 8.
Kh1 Be6 9. Bxe6 fxe6 10. Nd4 Qe7 11. Qg4 Nh6 12. Qh5+ Nf7 13. d3 Bf6 14. Be3
Nc6 15. Nf3 O-O-O 16. Qb5 a6 17. Qa4 g5 18. Qa3 g4 19. Nd2 g3 20. b4 Rdg8 21.
Kg2 h5 22. b5 axb5 23. Nxb5 Bxa1 24. Qa8+ Kd7 25. Qxb7 Rc8 26. Bb6 Nfd8 27. Qa6
cxb6 28. Nc4 Bd4 29. Nxd4 Nxd4 30. Nxb6+ Ke8 31. Nxc8 Qc7 32. Nxd6+ Kd7 33. Nc4
h4 34. Nb6+ Ke8 35. Nc4 h3+ 0-1

*

[Event "6Ã¨me LUC open"]
[Site "Lille"]
[Date "2015-05-07"]
[Round "5.32"]
[White "INOUSS, Badr"]
[Black "DHUYVETTER, Frederik"]
[Result "1-0"]
[WhiteElo "2000"]
[BlackElo "1809"]

1. d4 Nf6 2. c4 g6 3. Nc3 Bg7 4. Bg5 O-O 5. Nf3 d6 6. e3 Nbd7 7. Be2 b6 8. Qc2
Bb7 9. O-O c5 10. Rfd1 a5 11. h3 Qb8 12. d5 Ne5 13. Nxe5 dxe5 14. Rd2 e6 15. e4
exd5 16. cxd5 h6 17. Bh4 Qd6 18. Nb5 Qd7 19. a4 Ne8 20. d6 f5 21. Be7 Bxe4 22.
Qb3+ Kh7 23. Bxf8 Bxf8 24. Rad1 Bc6 25. Bc4 Ng7 26. Bg8+ Kh8 27. Bd5 Rc8 28.
Bxc6 Rxc6 29. Qg3 Ne6 30. Qxe5+ Bg7 31. Qg3 Kh7 32. Re1 Rc8 33. Rde2 Ng5 34.
Re7 Qc6 35. Na7 1-0

*